In Calabria: riflessi di una storia minore al centro del Mediterraneo
Shranjeno v:
| Glavni avtor: | |
|---|---|
| Format: | Knjiga |
| Jezik: | italijanščina |
| Izdano: |
Roma
Edizioni Scientifiche Italiane
2006
|
| Izdaja: | 1a. ed |
| Serija: | Nella Stessa Collana
|
| Teme: | |
| Oznake: |
Označite
Brez oznak, prvi označite!
|
MARC
| LEADER | 00000cam a2200000 a 4500 | ||
|---|---|---|---|
| 001 | UCD8729 | ||
| 003 | CL-VaPUC | ||
| 008 | 170519e20060000it |||||||||||||||||ita|d | ||
| 020 | |a 8849513739 | ||
| 082 | 0 | 4 | |a 937 |b GIV |2 21 |
| 100 | 0 | |a Givigliano, Gian Piero |e author |9 592209 | |
| 245 | 1 | 0 | |a In Calabria: riflessi di una storia minore al centro del Mediterraneo |
| 250 | |a 1a. ed | ||
| 300 | |a 331 p | ||
| 942 | |c BK | ||
| 945 | |d 20170519 15:42:00 |a arojas | ||
| 260 | |a Roma |b Edizioni Scientifiche Italiane |c 2006 | ||
| 650 | 0 | |a Historia de Italia |9 362027 | |
| 650 | 0 | |a Historia romana |9 322973 | |
| 650 | 7 | |a MEDITERRANEO |2 CL-VaPUC |9 406788 | |
| 583 | |a last modification |c 20170519 15:42:00 |k Rodrigo Vera | ||
| 490 | 0 | |a Nella Stessa Collana | |
| 999 | |c 368038 |d 368036 | ||
| 952 | |0 0 |1 0 |3 erb |4 0 |6 937_000000000000000_GIV_2006 |7 0 |8 A |9 483288 |a FDOLAF |b FDOLAF |i 5391679 |o 937 GIV 2006 |p 5391679 |r 2024-01-30 |w 2019-11-24 |y BK |z Catalogado en:20170519 |k LAF | ||